[Event "Hessen-chA"]
[Site "Marburg"]
[Date "2006.04.14"]
[Round "8.15"]
[White "Liebert, Frank"]
[Black "Beyertt, Torsten"]
[Result "1-0"]
[WhiteElo "1652"]
[BlackElo "1611"]
[PlyCount "49"]
[EventDate "2006.04.08"]
[EventType "swiss"]
[EventRounds "9"]
[EventCountry "GER"]
[SourceTitle "EXT 2007"]
[Source "ChessBase"]
[SourceDate "2006.11.23"]
[SourceVersion "1"]
[SourceVersionDate "2006.11.23"]
[SourceQuality "1"]

1. d4 c6 2. c4 d5 3. Nc3 dxc4 4. a4 Bf5 5. e4 Bg6 6. Bxc4 e6 7. Nf3 Nd7 8. 0-0 Ngf6 9. Re1 Be7 10. Bf4 0-0 11. h3 Bb4 12. Bd3 Qa5 13. Bd2 c5 14. Bc2 Rad8 15. e5 cxd4 16. Nb1 Bxc2 17. Qxc2 d3 18. Qc4 Bxd2 19. Nbxd2 Nb6 20. Qh4 Nfd5 21. Re4 Ne7 22. Qxe7 Rd7 23. Qh4 Rc8 24. Rd4 Rc2 25. Qd8+ 1-0

[Event "Hessen-chA"]
[Site "Marburg"]
[Date "2006.04.11"]
[Round "5.14"]
[White "Reuter, Klaus"]
[Black "Beyertt, Torsten"]
[Result "1-0"]
[WhiteElo "1496"]
[BlackElo "1611"]
[PlyCount "115"]
[EventDate "2006.04.08"]
[EventType "swiss"]
[EventRounds "9"]
[EventCountry "GER"]
[SourceTitle "EXT 2007"]
[Source "ChessBase"]
[SourceDate "2006.11.23"]
[SourceVersion "1"]
[SourceVersionDate "2006.11.23"]
[SourceQuality "1"]

1. Nf3 c6 2. g3 d5 3. Bg2 Bf5 4. 0-0 Nf6 5. d4 Nbd7 6. Re1 e6 7. Bg5 Qb6 8. Qc1 c5 9. c3 h6 10. Bxf6 Nxf6 11. a4 a5 12. Nbd2 Rc8 13. e3 c4 14. Nh4 Bh7 15. e4 g5 16. e5 Nd7 17. Nhf3 Be7 18. Nf1 Qc6 19. g4 Nb6 20. Qd1 Ra8 21. Ng3 Ra6 22. Nh5 Nd7 23. Qd2 Rb6 24. h4 Rg8 25. hxg5 hxg5 26. Nh2 Rb3 27. Qe2 Qb6 28. Ra2 Qc6 29. Qf3 b5 30. Qh3 Bg6 31. Nf3 bxa4 32. Nd2 a3 33. Ng7+ Rxg7 34. Qh8+ Bf8 35. Nxb3 cxb3 36. Rxa3 Rh7 37. Qg8 a4 38. Raa1 Nb6 39. Re3 Nc4 40. Rf3 Rg7 41. Qh8 Nxb2 42. Rc1 a3 43. c4 Nxc4 44. Rxb3 Qa8 45. Rxc4 dxc4 46. Bxa8 cxb3 47. Bc6+ Ke7 48. Qh3 a2 49. Qc3 f5 50. Ba4 Kd8 51. Bxb3 Rc7 52. Qb2 f4 53. Bxa2 Rc2 54. Qb6+ Ke8 55. Qxe6+ Kd8 56. Qxg6 Rxa2 57. Qxg5+ Be7 58. Qg8+ 1-0